banner-ar

الىمن يهمة الامر (Record no. 44671)

MARC details
000 -الفاتح
حقل البيانات ثابتة الطول 00260nam a2200109Ia 4500
008 - عناصر البيانات ثابتة الطول - معلومات عامة
حقل البيانات ثابتة الطول 140319s9999 xx 000 0 ara d
040 ## - مصدر الفهرسة
وكالة الفهرسة الأصلية GCL /
وكالة النسخ GCL
082 04 - رقم تصنيف ديوى العشرى
رقم التصنيف فيديو\232
245 10 - بيان العنوان
العنوان الىمن يهمة الامر
490 ## - بيان السلسلة
عنوان السلسلة أسرتى
رقم المجلد/ التعيين التسلسلي 0
Holdings
حالة التراجع حالة الفقد حالة تلف ليس للاعارة المكان المؤقت الموقع الحالى تاريخ الاكتساب اجمالي اﻻعارات رقم الطلب الباركود تاريخ اخر مشاهدة تاريخ تفعيل السعر نوع وعاء كوها
        مكتبة القاهرة الكبرى مكتبة القاهرة الكبرى 03/26/2014   فيديو\232 109050 03/26/2014 03/26/2014 كتاب

Powered By

EGPV